| 000 | 00857nam a22002177a 4500 | ||
|---|---|---|---|
| 999 |
_c22342 _d22342 |
||
| 003 | AR-CdUCM | ||
| 008 | 190429b ||||| |||| 00| 0 spa d | ||
| 040 |
_aMUNICIPALIDAD PROVINCIAL DEL CUSCO _cBIBLIOTECA MUNICIPAL DEL CUSCO |
||
| 082 | _aTinkuy /N°7/1978 | ||
| 245 | _aTinkuy / | ||
| 260 |
_aCusco. _bTinkuy, _c1978. |
||
| 300 |
_a39 páginas. : _c27 cm. |
||
| 440 |
_aTinkuy. _nN°7, 1978. _947887 |
||
| 505 | _aContenido: Marx y la etnología. -- La formulación general de la teoría modo de producción formación socioeconómica. -- Marx como etnólogo. -- Los cuadernos etnológicos de Karl Marx un comentario a la edición hecha por Krader. | ||
| 650 |
_aAntropología cusqueña _945862 |
||
| 650 |
_aKarl Marx _915933 |
||
| 650 |
_aEconomía campesina _92215 |
||
| 700 |
_aNájar Vizcarra, Yemira _947888 |
||
| 942 |
_2ddc _cPP |
||
| 945 | _arac | ||